000 nam a22 7a 4500
999 _c8734
_d8734
008 180119b ||||| |||| 00| 0 eng d
100 _aBiswas.A.etal.
_95086
245 _aEnvironmental Education
260 _aNew Delhi
_bArya
_c2008